00809nam a2200205 a 450000100100000000500170001000800410002704000250006808200170009310000320011024500730014226000380021530000210025365000280027470000270030204900090032995201210033895201270045999900170058600002298220240417183156.0101124s1972 ag 000 0 spa d aDO-SdBNPbspacBNPHU a338.5bD559p1 aDieguez, Héctor L.94725710aProblemas de microeconomía /cHéctor L. Dieguez y Alberto Porto. aBuenos Aires :bAmorrortu,c1972. a472 p. ;c20 cm. 0aMicroeconomía 9229531 aPorto, Alberto.947258 aBNGR 001054708MOaGRbGRcCTd2010-11-24iLF1l0o338.5 D559pp22982-10r2020-06-25w2020-06-25y4ZPréstamo en sala 001054728MOaGRbGRcCTd2010-11-24iLF1l0o338.5 D559pp22982-20r2020-06-25te. 2w2020-06-25y4ZPréstamo en sala c22479d22479